| 000 | 00343nam a22001337a 4500 | ||
|---|---|---|---|
| 020 | _a978-1849950541 | ||
| 041 | _aENG | ||
| 100 | _aHead.H.H | ||
| 245 | _aManual of Soil Laboratory Testing Volume-3 EffectiveStress Tests | ||
| 260 |
_aLondan _bELE International Limited _c1984 |
||
| 300 | _a1238 | ||
| 650 | _aSWCE ( 06 ) | ||
| 856 | _uSWCE ( 06 ) | ||
| 999 |
_c2919 _d2919 |
||